[Event "It"]
[Site "Bucharest (Romania)"]
[Round "0"]
[White "Badea Bela (ROM)"]
[Black "Moldovan Daniel (ROM)"]
[Result "1/2-1/2"]
[WhiteElo "2491"]
[BlackElo "2436"]

1.Nf3 g6 2.g3 Bg7 3.Bg2 Nf6 4.O-O O-O 5.c4 c5 6.Nc3 Nc6 7.d4 cxd4 8.Nxd4 Nxd4
9.Qxd4 d6 10.Qd3 a6 11.Be3 {#d} 1/2-1/2

[Event "Ch Austria (1/2 final)"]
[Site "Hartberg (Austria)"]
[Round "0"]
[White "Brandl Rudolf (AUT)"]
[Black "Beck Hartmuth (AUT)"]
[Result "1/2-1/2"]
[WhiteElo "2275"]
[BlackElo "2305"]

1.Nf3 Nf6 2.g3 g6 3.c4 c5 4.Nc3 Nc6 5.Bg2 Bg7 6.O-O O-O 7.d4 cxd4 8.Nxd4 Ng4
9.e3 Nxd4 10.exd4 Nh6 11.b3 {#d} 1/2-1/2

[Event "It (a)"]
[Site "Kecskemet (Hungary)"]
[Round "10"]
[White "Loginov Valery A (RUS)"]
[Black "Vaulin Alexander (RUS)"]
[Result "1/2-1/2"]
[WhiteElo "2486"]
[BlackElo "2515"]

1.Nf3 Nf6 2.g3 g6 3.c4 c5 4.Bg2 Bg7 5.Nc3 Nc6 6.O-O O-O 7.d4 cxd4 8.Nxd4 Nxd4
9.Qxd4 d6 10.Qd3 a6 11.Bd2 Rb8 {#d} 1/2-1/2

[Event "It"]
[Site "Novi Sad (Yugoslavia)"]
[Round "1"]
[White "Nevostrujev Vladimir (RUS)"]
[Black "Shuraev Andrei (RUS)"]
[Result "1/2-1/2"]
[WhiteElo "2450"]
[BlackElo "2370"]

1.Nf3 Nf6 2.g3 g6 3.Bg2 Bg7 4.c4 c5 5.Nc3 Nc6 6.O-O O-O 7.d4 cxd4 8.Nxd4 Nxd4
9.Qxd4 d6 10.b3 d5 11.cxd5 Nxd5 12.Qxd5 Bxc3 13.Bh6 {#d} 1/2-1/2

[Event "Ch RLPF"]
[Site "Pirmasens (Germany)"]
[Round "0"]
[White "Wissemborski Hartmut (GER)"]
[Black "Bier Norbert (GER)"]
[Result "1/2-1/2"]
[WhiteElo "2180"]
[BlackElo "2108"]

1.c4 Nf6 2.Nc3 g6 3.g3 Bg7 4.Bg2 c5 5.Nf3 Nc6 6.O-O O-O 7.d4 cxd4 8.Nxd4 Qb6
9.Nxc6 dxc6 10.Qb3 Be6 11.Na4 Qa6 12.Nc5 Qxc4 13.Qxc4 Bxc4 14.Nxb7 Bd5 15.Na5
Rfc8 16.b3 Rab8 17.Ba3 Rb5 {#d} 1/2-1/2

[Event "Ch Rheinhessen (2)"]
[Site "Wallertheim (Germany)"]
[Round "0"]
[White "Hartmann Wolfram (GER)"]
[Black "Loef Dirk (GER)"]
[Result "1/2-1/2"]
[WhiteElo "2244"]
[BlackElo "2184"]

1.c4 c5 2.Nc3 Nc6 3.g3 g6 4.Bg2 Bg7 5.Nf3 Nf6 6.O-O O-O 7.d4 cxd4 8.Nxd4 Qb6
9.Nc2 d6 10.b3 Bd7 11.Bb2 Qc7 12.e4 Bg4 13.Qe1 Ne5 14.Nd4 Qc8 15.f3 Bh3 16.Rc1
Bxg2 17.Kxg2 Nc6 {#d} 1/2-1/2

[Event "Ch Reinland"]
[Site "Germany"]
[Round "0"]
[White "Braemigk Uwe (GER)"]
[Black "Montermann Klaus (GER)"]
[Result "1/2-1/2"]
[WhiteElo "1984"]
[BlackElo "2068"]

1.c4 c5 2.Nc3 Nc6 3.Nf3 Nf6 4.g3 g6 5.Bg2 Bg7 6.O-O O-O 7.d4 cxd4 8.Nxd4 Nxd4
9.Qxd4 d6 10.Rd1 Re8 11.Bg5 a6 12.Rac1 Qc7 13.b3 Qc5 14.Qxc5 dxc5 15.Nd5 Nxd5
16.Rxd5 Bd4 17.e3 e6 18.Rd6 {#d} 1/2-1/2

[Event "Ch Portugal (team)"]
[Site "Portugal"]
[Round "0"]
[White "Pereira Fernando (POR)"]
[Black "Cadillon Joao (POR)"]
[Result "1/2-1/2"]
[WhiteElo "2196"]
[BlackElo "1803"]

1.Nf3 Nf6 2.g3 g6 3.Bg2 Bg7 4.O-O O-O 5.c4 c5 6.Nc3 Nc6 7.d4 cxd4 8.Nxd4 Nxd4
9.Qxd4 d6 10.Qd3 a6 {#d} 1/2-1/2

[Event "Ch Spain (team)"]
[Site "Cala Galdana (Spain)"]
[Round "3"]
[White "Rubio Nevado Pedro (ESP)"]
[Black "Baena Jesus (ESP)"]
[Result "1-0"]
[WhiteElo "2070"]
[BlackElo "2033"]

1.c4 c5 2.Nc3 Nf6 3.Nf3 Nc6 4.g3 g6 5.Bg2 Bg7 6.O-O O-O 7.d4 cxd4 8.Nxd4 a6
9.h3 Qb6 10.Be3 Qxb2 11.Na4 Qa3 12.Nxc6 Ne4 13.Bxe4 Bxa1 14.Bc5 Qxa2 15.Nxe7+
Kg7 16.Qxa1+ Qxa1 17.Rxa1 {#r} 1-0

[Event "Ch Spain"]
[Site "Canete (Spain)"]
[Round "9"]
[White "Saenz D"]
[Black "Martinez Galan Jose (ESP)"]
[Result "1/2-1/2"]
[WhiteElo "1985"]
[BlackElo "2109"]

1.c4 c5 2.Nf3 Nf6 3.g3 g6 4.Bg2 Bg7 5.Nc3 Nc6 6.O-O O-O 7.d4 d5 8.cxd5 cxd4
9.dxc6 dxc3 10.cxb7 cxb2 11.bxa8=Q bxa1=Q {#d} 1/2-1/2

[Event "It (open)"]
[Site "Agios Nikolaos (Greece)"]
[Round "2"]
[White "Golod Vitali (ISR)"]
[Black "Avrukh Boris (ISR)"]
[Result "1/2-1/2"]
[WhiteElo "2540"]
[BlackElo "2430"]

1.c4 c5 2.Nc3 Nc6 3.g3 g6 4.Bg2 Bg7 5.Nf3 Nf6 6.O-O O-O 7.d4 cxd4 8.Nxd4 Ng4
9.e3 d6 10.b3 Nxd4 11.exd4 Nh6 12.Bb2 Nf5 13.d5 a6 14.Qd2 b5 {#d} 1/2-1/2

[Event "It (sheveningen)"]
[Site "Biel (Switzerland)"]
[Round "10"]
[White "Wyss Thomas (SUI)"]
[Black "Donev Ivo (AUT)"]
[Result "1/2-1/2"]
[WhiteElo "2252"]
[BlackElo "2385"]

1.c4 c5 2.Nf3 Nf6 3.g3 g6 4.Bg2 Bg7 5.O-O O-O 6.Nc3 Nc6 7.d4 cxd4 8.Nxd4 Nxd4
9.Qxd4 d6 10.Qd3 a6 11.Be3 Rb8 12.Ba7 Ra8 13.Be3 Rb8 {#d} 1/2-1/2

[Event "Ch Catalunia (team)"]
[Site "Catalunia (Spain)"]
[Round "0"]
[White "Beltran Rueda Santiago (ESP)"]
[Black "Ramirez Rio Jose (ESP)"]
[Result "0-1"]
[WhiteElo "2325"]
[BlackElo "2176"]

1.Nf3 Nf6 2.c4 c5 3.Nc3 Nc6 4.g3 g6 5.Bg2 Bg7 6.O-O O-O 7.d4 cxd4 8.Nxd4 Nxd4
9.Qxd4 d6 10.Bg5 h6 11.Bxf6 Bxf6 12.Qd2 Qa5 13.Qxh6 Bg5 14.b4 Qe5 {#R} 0-1

[Event "Czech League 1994/95 (2nd) (b)"]
[Site "Czech Republic"]
[Round "11"]
[White "Spilka Jiri (CZE)"]
[Black "Gschwendtner Stanislav (CZE)"]
[Result "1/2-1/2"]
[WhiteElo "2017"]
[BlackElo "2011"]

1.c4 c5 2.Nc3 Nc6 3.g3 g6 4.Bg2 Bg7 5.Nf3 Nf6 6.O-O O-O 7.d4 cxd4 8.Nxd4 Nxd4
9.Qxd4 d6 10.Qd3 Qa5 11.Nb5 Be6 12.Bd2 {#d} 1/2-1/2

[Event "Ch Finland (juniors)"]
[Site "Finland"]
[Round "0"]
[White "Sisatto Olli (FIN)"]
[Black "Verkasalo Tommi (FIN)"]
[Result "1/2-1/2"]
[WhiteElo "2236"]
[BlackElo "2152"]

1.Nf3 Nf6 2.c4 c5 3.Nc3 Nc6 4.g3 g6 5.Bg2 Bg7 6.O-O O-O 7.d4 cxd4 8.Nxd4 Qc7
9.Nxc6 bxc6 10.b3 Bb7 11.Bb2 Rfd8 12.Rc1 {#d} 1/2-1/2

[Event "Bundesliga (2nd) West 1994/95"]
[Site "Germany"]
[Round "0"]
[White "Oswald Hans-Joachim (GER)"]
[Black "Balster Stefan (GER)"]
[Result "1/2-1/2"]
[WhiteElo "2280"]
[BlackElo "2290"]

1.c4 c5 2.Nf3 Nf6 3.g3 Nc6 4.Bg2 g6 5.O-O Bg7 6.Nc3 O-O 7.d4 cxd4 8.Nxd4 Nxd4
9.Qxd4 d6 10.b3 Bf5 11.Bb2 {#d} 1/2-1/2

[Event "Ch Hessen"]
[Site "Hofheim (Germany)"]
[Round "1"]
[White "Kersten Uwe (GER)"]
[Black "Majer Damir (GER)"]
[Result "1/2-1/2"]
[WhiteElo "2320"]
[BlackElo "2285"]

1.Nf3 c5 2.g3 Nc6 3.Bg2 g6 4.O-O Bg7 5.c4 Nf6 6.Nc3 O-O 7.d4 cxd4 8.Nxd4 Nxd4
9.Qxd4 d6 10.Qd3 a6 11.b3 Rb8 12.Bb2 Bf5 13.e4 Be6 {#d} 1/2-1/2

[Event "It (open)"]
[Site "Poznan (Poland)"]
[Round "2"]
[White "Fiodorov Mikhail (UKR)"]
[Black "Rumiancev Gennadij (UKR)"]
[Result "1/2-1/2"]
[WhiteElo "2143"]
[BlackElo "2380"]

1.c4 c5 2.Nc3 Nc6 3.g3 g6 4.Bg2 Bg7 5.Nf3 Nf6 6.O-O O-O 7.d4 cxd4 8.Nxd4 a6
9.b3 Nxd4 10.Qxd4 d6 11.Bb2 Ng4 12.Qd2 Rb8 13.h3 Ne5 14.f4 Nc6 15.Nd5 Bxb2
16.Qxb2 b5 17.cxb5 {#d} 1/2-1/2

[Event "Ch Slovakia (team) 1995/96 (2 liga) (b)"]
[Site "Slovakia"]
[Round "6"]
[White "Sukuba Zdeno (SVK)"]
[Black "Szaraz Vojtech (SVK)"]
[Result "1/2-1/2"]
[WhiteElo "2101"]
[BlackElo "1899"]

1.Nf3 Nf6 2.c4 g6 3.g3 Bg7 4.Bg2 O-O 5.O-O c5 6.Nc3 Nc6 7.d4 cxd4 8.Nxd4 Nxd4
9.Qxd4 d6 10.Qd2 Be6 11.b3 d5 12.cxd5 Nxd5 13.Bxd5 Bxd5 14.Bb2 Bc6 15.Qxd8
Rfxd8 16.Rfd1 Rac8 17.Rxd8+ Rxd8 18.Rd1 {#d} 1/2-1/2

[Event "Ch Provincial"]
[Site "Valencia (Spain)"]
[Round "9"]
[White "Pastor Domingo Manuel (ESP)"]
[Black "Llorens Ferrer Francisco (ESP)"]
[Result "1/2-1/2"]
[WhiteElo "1949"]
[BlackElo "1979"]

1.c4 Nf6 2.Nc3 g6 3.g3 Bg7 4.Bg2 c5 5.Nf3 Nc6 6.O-O O-O 7.d4 cxd4 8.Nxd4 Nxd4
9.Qxd4 d6 10.Rd1 Nd7 {#d} 1/2-1/2

[Event "It"]
[Site "Mondariz (Spain)"]
[Round "3"]
[White "Campos Moreno Javier B (CHI)"]
[Black "Rivera Daniel (URU)"]
[Result "1/2-1/2"]
[WhiteElo "2450"]
[BlackElo "2380"]

1.c4 c5 2.g3 g6 3.Bg2 Bg7 4.Nf3 Nf6 5.O-O O-O 6.Nc3 Nc6 7.d4 cxd4 8.Nxd4 Ng4
9.e3 Nxd4 10.exd4 Nh6 11.d5 d6 12.Bd2 Nf5 13.Rc1 Bd7 {#d} 1/2-1/2

[Event "Ch Poland (team) (juniors) (under 18) (2nd liga)"]
[Site "Augustow (Poland)"]
[Round "0"]
[White "Kopacz Lukasz (POL)"]
[Black "Turecki Piotr (POL)"]
[Result "1/2-1/2"]
[WhiteElo "1978"]
[BlackElo "2035"]

1.c4 c5 2.Nc3 Nc6 3.g3 g6 4.Bg2 Bg7 5.Nf3 Nf6 6.O-O O-O 7.d4 cxd4 8.Nxd4 Nxd4
9.Qxd4 a6 10.Qd3 d6 11.e4 Rb8 12.b3 Bd7 13.Bb2 {#d} 1/2-1/2

[Event "Ch Austria (team) 1996/97"]
[Site "Austria"]
[Round "0"]
[White "Plieger Josef (AUT)"]
[Black "Harrer Erwin (AUT)"]
[Result "0-1"]
[WhiteElo "1970"]
[BlackElo "2040"]

1.c4 c5 2.Nc3 Nc6 3.g3 g6 4.Bg2 Bg7 5.Nf3 Nf6 6.O-O O-O 7.d4 cxd4 8.Nxd4 a6
9.b3 Rb8 10.Bb2 Qb6 11.Nc2 d6 12.Ne3 Be6 13.Ncd5 Bxd5 14.Bxf6 Bxg2 15.Kxg2
Bxf6 {#R} 0-1

[Event "Ch Hungary (cat.9)"]
[Site "Budapest (Hungary)"]
[Round "11"]
[White "Ruck Robert (HUN)"]
[Black "Horvath Jozsef_ (HUN)"]
[Result "1/2-1/2"]
[WhiteElo "2465"]
[BlackElo "2515"]

1.c4 g6 2.g3 Bg7 3.Bg2 Nf6 4.Nc3 O-O 5.d4 c5 6.Nf3 Nc6 7.O-O cxd4 8.Nxd4 Ng4
9.e3 d6 10.b3 Nxd4 11.exd4 Nh6 12.Bd2 Nf5 13.d5 a6 14.Rc1 Rb8 15.Ne4 Bd7 {#d}
1/2-1/2

[Event "Oberliga NRW 1995/96"]
[Site "Germany"]
[Round "0"]
[White "Meyer Armin (GER)"]
[Black "Roos Thomas (GER)"]
[Result "1/2-1/2"]
[WhiteElo "2265"]
[BlackElo "2255"]

1.c4 c5 2.Nc3 g6 3.Nf3 Bg7 4.g3 Nc6 5.Bg2 Nf6 6.O-O O-O 7.d4 cxd4 8.Nxd4 Nxd4
9.Qxd4 d6 10.Qd3 Rb8 11.Be3 b6 {#d} 1/2-1/2

[Event "It (open) \"]
[Site "Klatovy (Czech Republic)"]
[Round "4"]
[White "Dusbaba Karel (CZE)"]
[Black "Bayer Radek (CZE)"]
[Result "1/2-1/2"]
[WhiteElo "2101"]
[BlackElo "2060"]

1.c4 c5 2.Nc3 Nc6 3.Nf3 Nf6 4.g3 g6 5.Bg2 Bg7 6.O-O O-O 7.d4 cxd4 8.Nxd4 Nxd4
9.Qxd4 d6 10.Rd1 Be6 11.Qd3 Qc7 12.b3 a6 13.Bb2 Rac8 14.Rac1 Bf5 15.Qf3 b6
16.Nd5 Nxd5 17.Bxg7 Kxg7 18.Qxd5 a5 {#d} 1/2-1/2

[Event "Ch Cuba"]
[Site "Las Tunas (Cuba)"]
[Round "6"]
[White "Rodriguez Amador (ESP)"]
[Black "Vera Reynaldo (CUB)"]
[Result "1/2-1/2"]
[WhiteElo "2510"]
[BlackElo "2505"]

1.c4 c5 2.Nf3 Nc6 3.Nc3 Nf6 4.g3 g6 5.Bg2 Bg7 6.O-O O-O 7.d4 cxd4 8.Nxd4 Nxd4
9.Qxd4 d6 10.Qd3 Qa5 11.Bd2 {#d} 1/2-1/2

[Event "It (open)"]
[Site "Laukaa (Finland)"]
[Round "3"]
[White "Paakkonen Timo (FIN)"]
[Black "Vatanski Aleksander (FIN)"]
[Result "1/2-1/2"]
[WhiteElo "2277"]
[BlackElo "2186"]

1.Nf3 Nf6 2.g3 g6 3.Bg2 Bg7 4.O-O O-O 5.c4 c5 6.Nc3 Nc6 7.d4 cxd4 8.Nxd4 Nxd4
9.Qxd4 d6 10.Qd3 Nd7 11.b3 a6 12.Bb2 Rb8 13.Rab1 b5 14.cxb5 {#d} 1/2-1/2

[Event "It \"]
[Site "Manresa (Spain)"]
[Round "7"]
[White "Pablo Marin Alejandro (ESP)"]
[Black "Pomes Marcet Juan (ESP)"]
[Result "1/2-1/2"]
[WhiteElo "2370"]
[BlackElo "2420"]

1.c4 c5 2.Nf3 Nc6 3.g3 g6 4.Bg2 Bg7 5.O-O Nf6 6.Nc3 O-O 7.d4 cxd4 8.Nxd4 Nxd4
9.Qxd4 d6 10.Qh4 Qa5 11.Rd1 {#d} 1/2-1/2

[Event "It (cat.3)"]
[Site "Moscow (Russia)"]
[Round "0"]
[White "Saulin Dmitri (RUS)"]
[Black "Vorotnikov Vladislav V (RUS)"]
[Result "1/2-1/2"]
[WhiteElo "2395"]
[BlackElo "2510"]

1.Nf3 Nf6 2.g3 g6 3.Bg2 Bg7 4.O-O O-O 5.c4 c5 6.Nc3 Nc6 7.d4 cxd4 8.Nxd4 Nxd4
9.Qxd4 d6 10.Bg5 Qa5 11.Qe3 Rb8 {#d} 1/2-1/2

[Event "Tournament"]
[Site "Okroglo (Slovenia)"]
[Round "9"]
[White "Znuderl Matej (SLO)"]
[Black "Komovec Ivan (SLO)"]
[Result "1/2-1/2"]
[WhiteElo "2036"]
[BlackElo "2037"]

1.c4 c5 2.g3 Nf6 3.Bg2 g6 4.Nc3 Bg7 5.Nf3 Nc6 6.O-O O-O 7.d4 cxd4 8.Nxd4 a6
9.Be3 Ng4 10.Nxc6 Nxe3 11.Nxd8 Nxd1 12.Rfxd1 Rxd8 13.Rac1 Rb8 14.c5 {#d}
1/2-1/2

[Event "It"]
[Site "Santiago (Chile)"]
[Round "0"]
[White "Riverol Jose (URU)"]
[Black "Baker Enrique (ARG)"]
[Result "1-0"]
[WhiteElo "2302"]
[BlackElo "2139"]

1.Nf3 Nf6 2.c4 g6 3.d4 Bg7 4.Nc3 c5 5.g3 O-O 6.Bg2 Nc6 7.O-O a6 8.dxc5 Qa5
9.Na4 Ne4 10.Be3 d6 11.cxd6 Nxd6 12.Nd2 Bg4 13.Nb6 Rad8 14.Nd5 Nc8 15.h3 Bd7
16.a4 Be6 17.Nb3 Bxd5 18.cxd5 {#r} 1-0

[Event "It \"]
[Site "Spain"]
[Round "1"]
[White "Ramirez Gonzalez Juan A (ESP)"]
[Black "Leiro Giralt Daniel (ESP)"]
[Result "1/2-1/2"]
[WhiteElo "2126"]
[BlackElo "2191"]

1.Nf3 Nf6 2.g3 g6 3.Bg2 Bg7 4.O-O O-O 5.c4 c5 6.Nc3 Nc6 7.d4 cxd4 8.Nxd4 Qb6
9.Nxc6 dxc6 10.Qc2 Be6 11.b3 {#d} 1/2-1/2

[Event "Staatsliga B 1997/98"]
[Site "Austria"]
[Round "4"]
[White "Lenz Alarich (AUT)"]
[Black "Rogetzer Klaus (AUT)"]
[Result "1/2-1/2"]
[WhiteElo "2196"]
[BlackElo "2089"]

1.c4 Nf6 2.Nc3 g6 3.g3 Bg7 4.Bg2 O-O 5.Nf3 c5 6.O-O Nc6 7.d4 cxd4 8.Nxd4 Ng4
9.e3 d6 10.Nce2 Bd7 11.b3 Qa5 12.h3 Nh6 13.Bb2 Nf5 14.Bc3 Qc5 15.Nxf5 Bxf5
16.Bxg7 Kxg7 17.Rc1 Rac8 {#d} 1/2-1/2

[Event "Staatsliga B West 1997/98"]
[Site "Austria"]
[Round "1"]
[White "Grundherr Martin (GER)"]
[Black "Peterwagner Heinz (AUT)"]
[Result "1/2-1/2"]
[WhiteElo "2340"]
[BlackElo "2130"]

1.Nf3 c5 2.c4 Nf6 3.g3 Nc6 4.Bg2 g6 5.Nc3 Bg7 6.O-O O-O 7.d4 cxd4 8.Nxd4 Qa5
9.Nb3 Qh5 10.e3 Qxd1 11.Rxd1 Rb8 12.Nd4 Ne5 13.b3 d6 14.h3 Bd7 15.Ba3 Rfc8
16.Rac1 Nc6 17.Nde2 a6 18.Nd5 Nxd5 19.cxd5 Na7 {#d} 1/2-1/2

[Event "It (open)"]
[Site "Balatonbereny (Hungary)"]
[Round "9"]
[White "Wallrabenstein Udo (GER)"]
[Black "Hocevar Nikola (SLO)"]
[Result "1/2-1/2"]
[WhiteElo "2042"]
[BlackElo "2225"]

1.c4 c5 2.Nc3 Nc6 3.g3 g6 4.Bg2 Bg7 5.Nf3 Nf6 6.O-O O-O 7.d4 cxd4 8.Nxd4 Nxd4
9.Qxd4 d6 10.Qd3 Rb8 11.Be3 Bf5 12.Qd2 a6 13.a4 Ng4 14.Ba7 Ra8 15.Bd4 Bh6 {#d}
1/2-1/2

[Event "Ch Finland (team) 1997/98"]
[Site "Finland"]
[Round "2"]
[White "Lehtioksa Jorma (FIN)"]
[Black "Nokso-Koivisto Aki (FIN)"]
[Result "1/2-1/2"]
[WhiteElo "2177"]
[BlackElo "2169"]

1.Nf3 c5 2.c4 Nf6 3.Nc3 Nc6 4.g3 g6 5.Bg2 Bg7 6.O-O O-O 7.d4 cxd4 8.Nxd4 Nxd4
9.Qxd4 d6 10.Qd3 Nd7 11.b3 Nc5 12.Qd2 Bd7 13.Bb2 Bc6 14.Nd5 Bxb2 15.Qxb2 Bxd5
16.Bxd5 Qc7 {#d} 1/2-1/2

[Event "It (open) (b)"]
[Site "Frydek-Mistek (Czech Republic)"]
[Round "2"]
[White "Aniskovitch Alexandr (BLR)"]
[Black "Koniuh Sergey (BLR)"]
[Result "1/2-1/2"]
[WhiteElo "2086"]
[BlackElo "2207"]

1.c4 c5 2.Nc3 g6 3.g3 Bg7 4.Bg2 Nf6 5.Nf3 Nc6 6.O-O O-O 7.d4 cxd4 8.Nxd4 Nxd4
9.Qxd4 d6 10.Qd3 Rb8 {#d} 1/2-1/2

[Event "Oberliga North 1997/98"]
[Site "Germany"]
[Round "0"]
[White "Thanisch Matthias (GER)"]
[Black "Sahlender Frank (GER)"]
[Result "1/2-1/2"]
[WhiteElo "2018"]
[BlackElo "2219"]

1.d4 g6 2.Nf3 Nf6 3.g3 Bg7 4.Bg2 O-O 5.c4 c5 6.Nc3 Nc6 7.O-O cxd4 8.Nxd4 Qb6
9.Nb3 d6 10.Bg5 Qd8 11.c5 dxc5 {#d} 1/2-1/2

[Event "It (open) (a)"]
[Site "Klatovy (Czech Republic)"]
[Round "0"]
[White "Dusbaba Karel (CZE)"]
[Black "Bayer Radek (CZE)"]
[Result "1/2-1/2"]
[WhiteElo "2101"]
[BlackElo "2060"]

1.c4 c5 2.g3 Nf6 3.Nc3 g6 4.Bg2 Bg7 5.Nf3 Nc6 6.O-O O-O 7.d4 cxd4 8.Nxd4 Nxd4
9.Qxd4 d6 10.Bg5 Be6 11.Qh4 Rc8 12.Nd5 Nxd5 13.cxd5 Qa5 {#d} 1/2-1/2

[Event "Memorial J.M.Soto"]
[Site "San Jose (Costa Rica)"]
[Round "1"]
[White "Charpentier William (CRC)"]
[Black "Sieiro-Gonzalez Luis (CUB)"]
[Result "1/2-1/2"]
[WhiteElo "2295"]
[BlackElo "2395"]

1.c4 c5 2.Nf3 g6 3.Nc3 Bg7 4.g3 Nf6 5.Bg2 O-O 6.O-O Nc6 7.d4 cxd4 8.Nxd4 Nxd4
9.Qxd4 d6 10.e4 Be6 11.Qd3 {#d} 1/2-1/2

[Event "Memorial J.M.Soto"]
[Site "San Jose (Costa Rica)"]
[Round "11"]
[White "Valdes Romero Leonardo (MEX)"]
[Black "Charpentier William (CRC)"]
[Result "1/2-1/2"]
[WhiteElo "2285"]
[BlackElo "2295"]

1.c4 c5 2.Nc3 Nc6 3.Nf3 Nf6 4.g3 g6 5.Bg2 Bg7 6.O-O O-O 7.d4 cxd4 8.Nxd4 Nxd4
9.Qxd4 d6 10.Qd3 Nd7 11.Qc2 Ne5 12.b3 Nc6 13.Bb2 {#d} 1/2-1/2

[Event "Ch St. Petersburg"]
[Site "St. Petersburg (Russia)"]
[Round "3"]
[White "Kochyev Alexander (RUS)"]
[Black "Novikov Mikhail V (RUS)"]
[Result "1/2-1/2"]
[WhiteElo "2430"]
[BlackElo "2380"]

1.Nf3 Nf6 2.c4 c5 3.Nc3 Nc6 4.g3 g6 5.Bg2 Bg7 6.O-O O-O 7.d4 Nxd4 8.Nxd4 cxd4
9.Qxd4 d6 10.Qd3 Bf5 11.e4 Be6 12.Bd2 a6 13.b3 Nd7 {#d} 1/2-1/2

[Event "It (open)"]
[Site "Verona (Italy)"]
[Round "7"]
[White "Maccapan Fabio (ITA)"]
[Black "Cristiani Cesare (ITA)"]
[Result "1/2-1/2"]
[WhiteElo "2022"]
[BlackElo "2158"]

1.Nf3 Nf6 2.c4 c5 3.g3 g6 4.Bg2 Bg7 5.O-O O-O 6.Nc3 Nc6 7.d4 cxd4 8.Nxd4 Nxd4
9.Qxd4 d6 10.Qd2 a6 {#d} 1/2-1/2

[Event "Ch Slovakia (juniors) (under 16)"]
[Site "Zilina (Slovakia)"]
[Round "0"]
[White "Sokol Lubomir (SVK)"]
[Black "Staricek Peter (SVK)"]
[Result "1/2-1/2"]
[WhiteElo "2155"]
[BlackElo "2233"]

1.Nf3 Nf6 2.g3 g6 3.Bg2 Bg7 4.c4 c5 5.Nc3 O-O 6.O-O Nc6 7.d4 cxd4 8.Nxd4 Nxd4
9.Qxd4 d6 10.Qd3 Qa5 11.Bd2 Qh5 12.f3 Be6 13.b3 d5 14.cxd5 Nxd5 15.Nxd5 Bxd5
16.Bc3 Bxc3 17.Qxc3 Bc6 {#d} 1/2-1/2

[Event "Tournament \"]
[Site "Rio de Janeiro (Brazil)"]
[Date "1997.02.11"]
[Round "3"]
[White "Fontes Carlos Henrique (BRA)"]
[Black "Toth Peter (BRA)"]
[Result "1/2-1/2"]
[WhiteElo "2227"]
[BlackElo "2153"]

1.c4 c5 2.Nf3 Nc6 3.g3 g6 4.Bg2 Bg7 5.O-O Nf6 6.Nc3 O-O 7.d4 cxd4 8.Nxd4 Ne5
9.b3 a6 10.Bb2 Rb8 11.Qd2 d6 12.Nd5 Ned7 13.Rfd1 Nc5 14.Rac1 Bd7 15.h3 h5
16.Nxf6+ {#d} 1/2-1/2

[Event "Ch Ukraine (team)"]
[Site "Alushta (Ukraine)"]
[Round "0"]
[White "Khomyakov Vladimir (UKR)"]
[Black "Kirnos Evgeni (UKR)"]
[Result "1/2-1/2"]
[WhiteElo "2380"]
[BlackElo "2246"]

1.Nf3 c5 2.c4 Nf6 3.Nc3 Nc6 4.g3 g6 5.Bg2 Bg7 6.O-O O-O 7.d4 cxd4 8.Nxd4 Nxd4
9.Qxd4 d6 10.Qd3 Qa5 11.Bd2 Qh5 12.f3 Be6 13.Kh1 Qc5 14.b3 d5 15.Na4 Qc6
16.cxd5 Qxd5 17.Qxd5 Bxd5 18.Rac1 {#d} 1/2-1/2

[Event "Ch Bahn (M)"]
[Site "Baiersbronn (Germany)"]
[Round "4"]
[White "Mueller Thomas (GER)"]
[Black "Markus Peter"]
[Result "1/2-1/2"]
[WhiteElo "2044"]
[BlackElo "1983"]

1.c4 c5 2.Nc3 Nc6 3.Nf3 Nf6 4.g3 g6 5.Bg2 Bg7 6.O-O O-O 7.d4 cxd4 8.Nxd4 a6
9.h3 Qb6 10.Nxc6 bxc6 11.Qc2 d6 12.Be3 Qc7 13.Rad1 {#d} 1/2-1/2

[Event "Memorial J.Capablanca (c)"]
[Site "Habana (Cuba)"]
[Round "5"]
[White "Valdes Luis E (CUB)"]
[Black "Sieiro-Gonzalez Luis (CUB)"]
[Result "1/2-1/2"]
[WhiteElo "2400"]
[BlackElo "2435"]

1.Nf3 c5 2.c4 g6 3.Nc3 Bg7 4.g3 Nf6 5.Bg2 Nc6 6.O-O O-O 7.d4 cxd4 8.Nxd4 Nxd4
9.Qxd4 d6 10.Qd3 Qa5 {#d} 1/2-1/2

[Event "It (open)"]
[Site "Hampstead (England)"]
[Round "1"]
[White "Oates David (WLS)"]
[Black "O'Brien Richard (IRL)"]
[Result "1-0"]
[WhiteElo "2159"]
[BlackElo "2080"]

1.c4 c5 2.g3 Nf6 3.Bg2 g6 4.Nc3 Bg7 5.Nf3 O-O 6.O-O Nc6 7.d4 cxd4 8.Nxd4 a6
9.e3 Qa5 10.Bd2 Qh5 11.Qxh5 Nxh5 12.Nd5 Bxd4 13.exd4 b5 14.cxb5 axb5 15.Nxe7+
Kg7 16.Nxc6 dxc6 17.Bxc6 Rb8 18.Bb4 Rd8 19.Ba5 {#r} 1-0

[Event "Cup Independence (open)"]
[Site "Kiev (Ukraine)"]
[Round "4"]
[White "Nikolaeva Maria (UKR)"]
[Black "Nikolaev Leonid (UKR)"]
[Result "1/2-1/2"]
[WhiteElo "2060"]
[BlackElo "2276"]

1.c4 c5 2.g3 g6 3.Bg2 Bg7 4.Nc3 Nc6 5.Nf3 Nf6 6.O-O O-O 7.d4 cxd4 8.Nxd4 Nxd4
9.Qxd4 d6 10.Qd3 a6 {#d} 1/2-1/2

[Event "Ch World (juniors) (under 14)"]
[Site "Marina d'Or (Spain)"]
[Round "5"]
[White "Izoria Zviad (GEO)"]
[Black "Evdokimov Alexander A (RUS)"]
[Result "0-1"]
[WhiteElo "2250"]
[BlackElo "2569"]

1.Nf3 Nf6 2.c4 c5 3.Nc3 Nc6 4.g3 g6 5.Bg2 Bg7 6.O-O O-O 7.d4 cxd4 8.Nxd4 Nxd4
9.Qxd4 d6 10.Qd3 Qc7 11.Bd2 Be6 12.b3 Rac8 13.Rac1 Qb8 14.e4 Rc7 15.Nd5 Bxd5
16.exd5 a6 17.Rfe1 {#R} 0-1